La pell de brau = (Record no. 60367)
[ view plain ]
| 000 -LEADER | |
|---|---|
| campo de control de longitud fija | 00807nam a2200241 i 4500 |
| 001 - NÚMERO DE CONTROL | |
| campo de control | 60367 |
| 003 - IDENTIFICADOR DE NÚMERO DE CONTROL | |
| campo de control | ES-MaACL |
| 005 - FECHA Y HORA DE LA ÚLTIMA TRANSACCIÓN | |
| campo de control | 20240509063053.0 |
| 007 - CAMPO FIJO DE DESCRIPCIÓN FÍSICA--INFORMACIÓN GENERAL | |
| campo de control de longitud fija | t| |
| 008 - DATOS DE LONGITUD FIJA--INFORMACIÓN GENERAL | |
| campo de control de longitud fija | 031104s1968 sp ||||1| cat d |
| 100 1# - ENTRADA PRINCIPAL--NOMBRE DE PERSONA | |
| Nombre de persona | Espriu, Salvador, |
| Fechas asociadas al nombre | 1913-1985 |
| 9 (RLIN) | 47947 |
| 245 13 - MENCIÓN DEL TÍTULO | |
| Título | La pell de brau = |
| Resto del título | La piel de toro / |
| Mención de responsabilidad, etc. | Salvador Espriu ; [traducción de Santos Hernández]. |
| 260 ## - PUBLICACIÓN, DISTRIBUCIÓN, ETC. | |
| Lugar de publicación, distribución, etc. | Madrid : |
| Nombre del editor, distribuidor, etc. | Cuadernos para el Diálogo, |
| Fecha de publicación, distribución, etc. | 1968. |
| 300 ## - DESCRIPCIÓN FÍSICA | |
| Extensión | 167 p. ; |
| Dimensiones | 18 cm. |
| 490 1# - MENCIÓN DE SERIE | |
| Mención de serie | Cuadernos para el diálogo ; |
| Designación de volumen o secuencia | 3 |
| 546 ## - NOTA DE IDIOMA | |
| Nota de lengua/lenguaje | Texto en catalán y castellano. |
| 700 1# - ENTRADA AGREGADA--NOMBRE PERSONAL | |
| Nombre de persona | Hernández, Santos. |
| 9 (RLIN) | 62866 |
| 710 2# - ENTRADA AGREGADA--NOMBRE DE ENTIDAD CORPORATIVA | |
| Nombre de entidad corporativa o nombre de jurisdicción como elemento de entrada | Cuadernos para el Diálogo. |
| 9 (RLIN) | 3333 |
| 740 32 - ENTRADA AGREGADA--TÍTULO RELACIONADO/ANALÍTICO NO CONTROLADO | |
| Título relacionado o analítico no controlado | La piel de toro. |
| 830 1# - PUNTO DE ACCESO ADICIONAL DE SERIE-TÍTULO UNIFORME | |
| Título uniforme | Cuadernos para el diálogo ; |
| Designación de volumen o secuencia | 3 |
| 9 (RLIN) | 181812 |
| 852 ## - LOCALIZACIÓN | |
| Ubicación | ES-MaACL |
| Número de control de estantería | C-53340 |
| Estatus retirado | Estado de pérdida | Estado de daño | No para préstamo | Biblioteca de origen | Biblioteca actual | Ubicación en estantería | Fecha de adquisición | Fuente de adquisición | Total de préstamos | Signatura topográfica completa | Código de barras | Visto por última vez | Precio de reemplazo | Tipo de ítem Koha |
|---|---|---|---|---|---|---|---|---|---|---|---|---|---|---|
| Biblioteca del Ateneo de Madrid | Biblioteca del Ateneo de Madrid | Depósito 2 | 17/01/2008 | C-53340 | 1063316 | 23/02/2023 | 23/02/2023 | Libro impreso |
